| 000 | 00640nam a22002057a 4500 | ||
|---|---|---|---|
| 003 | OSt | ||
| 005 | 20161208142422.0 | ||
| 008 | 161208b xxu||||| |||| 00| 0 eng d | ||
| 020 | _a9780415453776 | ||
| 040 | _cDDC | ||
| 082 | _a341.2 REG 2008 | ||
| 100 |
_aEdited by Andrew, F. Cooper; Christopher W. Hughes; Philippe de Lombaerde _911364 |
||
| 245 | _aRegionalisation and Global Governance: the taming of globalisation | ||
| 260 | _aLondon; Routledge, 2008 | ||
| 300 | _axvi,269p; ill: 23.5cm | ||
| 504 | _aReferences, & index included | ||
| 650 |
_aGlobalization _9952 |
||
| 650 |
_aRegional governance _911365 |
||
| 942 |
_2z _cO_SHELF |
||
| 999 |
_c5438 _d5438 |
||